000 00648nam a2200193Ia 4500
003 GCL
008 140319s9999 xx 000 0 ara d
040 _aGCL /
_cGCL
082 0 4 _a953.0766
_bع ا
100 1 _aعبدالنعيم محمد حسنين
245 1 0 _aايران فى ظل الاسلام فى العصور السنية والشيعية /
_cعبدالنعيم محمد حسنين
260 _a[S.N] :
_bدار الوفاء للطباعة والنشر والتوزيع ،
_c1989
300 _a125
490 _a
650 0 4 _aايران
650 0 4 _aالتاريخ الاسلامى
650 0 4 _aالشيعة
942 _2ddc
_cBK
999 _c33266
_d33266